The evolution of cooperation

Na minha lista:
Detalhes bibliográficos
Autor principal: Axelrod, Robert (Author)
Formato: Livro
Idioma:inglês
Publicado em: Nueva York Basic Books 1984
Colecção:Political Science. Science
Assuntos:
Tags: Adicionar Tag
Sem tags, seja o primeiro a adicionar uma tag!

MARC

LEADER 00000cam a2200000 a 4500
001 UCF2753
003 CL-VaPUC
008 120910e19840000US |||||||||||||||||eng|d
020 |a 9780465005642 
082 0 4 |a 302.14  |b AXE  |2 21 
100 0 |a Axelrod, Robert  |e author  |9 564542 
245 1 4 |a The evolution of cooperation 
300 |a 241 p 
942 |c BK 
945 |d 20120910 00:00:00  |a cmena 
260 |a Nueva York  |b Basic Books  |c 1984 
650 7 |a COOPERACION  |2 CL-VaPUC  |9 338427 
650 0 |a Psicología social   |9 222894 
650 7 |a JUEGOS DE ESTRATEGIA  |2 CL-VaPUC  |9 428778 
650 0 |a Solución de conflictos  |9 266729 
650 0 |a Interacción social   |9 307764 
583 |a last modification  |c 20120910 11:39:00  |k Rodrigo Vera 
490 0 |a Political Science. Science 
999 |c 349292  |d 349290 
952 |0 0  |1 0  |4 0  |6 302_140000000000000_AXE_1984  |7 0  |8 A  |9 451865  |a BIBING  |b BIBING  |d 2019-11-22  |i 4901851  |l 3  |m 1  |o 302.14 AXE 1984  |p 4901851  |r 2025-01-20  |s 2022-12-22  |w 2019-11-22  |y BK  |k EII